Music Quiz

Random Music Quiz

R.E.M songs mix n match 1 Quiz Stats

 Plays Quiz not verified by Sporcle

Challenge
Share
Tweet
Embed
Score 0/5 Timer 01:00
0 Plays Today
Question Answer Wrong Answers
Which is a real song by R.E.M.? Losing My Religion
100%
Losing My Love
0%
Losing You
0%
Losing You To Nobody
0%
Which is a real song by R.E.M.? (4th question) The One I Love
90.9%
The Only One I Love
0%
The One I So Love
0%
My Only Love
0%
Which is a real song by R.E.M.? (2nd question) Everybody Hurts
84.8%
Everyone Hurts
15.2%
Everybody Loves
0%
Nobody Loves You
0%
Which is a real song by R.E.M.? (5th question) Perfect Circle
69.7%
Round Circle
0%
Squared Circle
15.2%
Circles With Edges
6.1%
Which is a real song by R.E.M.? (3rd question) Bad Day
60.6%
Good Day
15.2%
Happy Day
12.1%
Nice Day
3%

You're not logged in!

Compare scores with friends on all Sporcle quizzes.
Join for Free
OR
Log In

You Might Also Like...

Show Comments

Extras

Top Quizzes Today


Score Distribution

Your Account Isn't Verified!

In order to create a playlist on Sporcle, you need to verify the email address you used during registration. Go to your Sporcle Settings to finish the process.

Report this User

Report this user for behavior that violates our Community Guidelines.

Details: